Italy Debutants since 2014 - Statistics

General Stats
  • This quiz has been taken 44 times
  • The average score is 45 of 95
Answer Stats
% Correct
2018 Fiorentina LW 20 Federico Chiesa 46 7
94%
2016 Milan GK 17 Gianluigi Donnarumma 61
91%
2020 Inter Milan CB 21 Alessandro Bastoni 23 1
88%
2014 Torino ST 24 Ciro Immobile 57 17
85%
2023 Tottenham Hotspur LB 20 Destiny Udogie 3
85%
2022 Inter Milan LB 24 Federico Dimarco 18 2
85%
2024 Tottenham Hotspur GK 27 Guglielmo Vicario 2
85%
2019 Napoli GK 22 Alex Meret 3
82%
2018 Chelsea LB 24 Emerson Palmieri 30
82%
2018 Juventus ST 18 Moise Kean 15 4
82%
2018 Cagliari CM 21 Nicolo Barella 53 9
82%
2016 Torino ST 22 Andrea Belotti 44 12
79%
2014 Southampton ST 29 Graziano Pelle 20 9
79%
2020 Sassuolo DM 22 Manuel Locatelli 28 3
79%
2018 Sassuolo RW 23 Domenico Berardi 28 8
76%
2014 Sassuolo CB 26 Francesco Acerbi 34 1
76%
2019 Brescia DM 19 Sandro Tonali 15
76%
2016 Fiorentina RW 22 Federico Bernardeschi 39 6
74%
2016 Napoli DM 24 Jorginho 53 5
74%
2016 Juventus CB 22 Daniele Rugani 7
71%
2020 Milan RB 23 Davide Calabria 7
71%
2019 Napoli RB 26 Giovanni Di Lorenzo 35 3
71%
2019 Roma AM 19 Nicolo Zaniolo 19 2
71%
2020 Monaco ST 19 Pietro Pellegri 1
71%
2016 Milan CB 21 Alessio Romagnoli 13 2
68%
2017 Atalanta LB 24 Leonardo Spinazzola 24
68%
2023 Tigre ST 23 Mateo Retegui 7 4
68%
2014 Torino RB 24 Matteo Darmian 42 2
68%
2017 Sassuolo AM 20 Lorenzo Pellegrini 29 6
65%
2020 Genoa LB 21 Luca Pellegrini 1
65%
2014 Genoa GK 22 Mattia Perin 2
65%
2022 Zurich RW 18 Wilfried Gnonto 13 1
65%
2024 Juventus LB 24 Andrea Cambiaso 3
62%
2021 Atalanta CB 30 Rafael Toloi 14
62%
2024 Bologna CB 22 Riccardo Calafiori 1
62%
2018 Hoffenheim LW 25 Vincenzo Grifo 9 4
62%
2016 Torino RM 24 Davide Zappacosta 13
59%
2021 Sassuolo SS 21 Giacomo Raspadori 27 6
56%
2021 Sassuolo ST 22 Gianluca Scamacca 15 1
56%
2022 Lazio LW 26 Mattia Zaccagni 5
56%
2023 Torino CB 24 Alessandro Buongiorno 3
53%
2022 Sassuolo CM 22 Davide Frattesi 14 4
53%
2022 Juventus CM 21 Nicolo Fagioli 2
53%
2019 Bologna RW 22 Riccardo Orsolini 7 2
50%
2017 Atalanta DM 22 Bryan Cristante 39 2
47%
2018 Milan ST 20 Patrick Cutrone 1
47%
2014 Sassuolo ST 23 Simone Zaza 18 2
47%
2022 Torino DM 20 Samuele Ricci 2
44%
2018 Fiorentina LB 26 Cristiano Biraghi 16 1
41%
2022 Juventus CM 19 Fabio Miretti 1
41%
2022 Frosinone CB 23 Federico Gatti 3
41%
2019 Atalanta CB 22 Gianluca Mancini 13
41%
2022 Atalanta CB 18 Giorgio Scalvini 8
41%
2018 Atalanta CB 24 Mattia Caldara 2
41%
2017 Inter Milan CM 22 Roberto Gagliardini 7
41%
2020 Atalanta CM 23 Matteo Pessina 16 5
38%
2024 Torino RB 23 Raoul Bellanova 1
38%
2018 Sassuolo CM 23 Stefano Sensi 9 3
38%
2015 Sampdoria ST 28 Eder 26 6
35%
2018 Sassuolo RW 24 Matteo Politano 12 3
35%
2017 Milan RB 23 Andrea Conti 1
32%
2020 Sassuolo ST 33 Francesco Caputo 2 1
32%
2015 Sassuolo LW 23 Nicola Sansone 3
32%
2019 Atalanta GK 24 Pierluigi Gollini 1
32%
2016 Juventus CM 23 Stefano Sturaro 4
32%
2020 Cagliari GK 26 Alessio Cragno 2
29%
2017 Atalanta ST 21 Andrea Petagna 1
29%
2017 Bologna AM 24 Simone Verdi 4
29%
2017 Inter Milan CB 28 Danilo D'Ambrosio 6
26%
2018 Udinese ST 26 Kevin Lasagna 7
26%
2022 Cagliari ST 30 Joao Pedro 1
24%
2018 SPAL RM 24 Manuel Lazzari 3
24%
2018 Crotone DM 20 Rolando Mandragora 1
24%
2022 Sassuolo ST 23 Andrea Pinamonti 1
21%
2019 Torino CB 27 Armando Izzo 3
21%
2019 Fiorentina CM 22 Gaetano Castrovilli 4
21%
2021 Sassuolo CB 29 Gian Marco Ferrari 1 1
21%
2014 Sampdoria ST 25 Stefano Okaka 5 1
21%
2014 Genoa CM 23 Andrea Bertolacci 5
18%
2022 Hellas Verona SS 28 Gianluca Caprari 1
18%
2014 Sampdoria AM 23 Roberto Soriano 9
18%
2022 Udinese AM 16 Simone Pafundi 1
18%
2019 Cagliari ST 30 Leonardo Pavoletti 1 1
15%
2022 Lazio CB 25 Luiz Felipe 1
15%
2022 Torino CM 22 Tommaso Pobega 3
15%
2018 Torino CM 26 Daniele Baselli 1
12%
2015 Palermo AM 26 Franco Vazquez 2
12%
2014 Parma CB 28 Gabriel Paletta 3
12%
2022 Salernitana RB 27 Pasquale Mazzocchi 1
12%
2018 Valencia CB 26 Cristiano Piccini 3
9%
2015 Empoli DM 28 Mirko Valdifiori 1
9%
2022 Frosinone LW 23 Alessio Zerbin 1
6%
2022 Hellas Verona RW 20 Matteo Cancellieri 1
6%
2022 SPAL DM 21 Salvatore Esposito 1
6%
2015 Torino CB 33 Emiliano Moretti 2
3%
No matching quizzes found
Score Distribution
Percent of People with Each Score
Percentile by Number Answered
Your Score History
You have not taken this quiz